|
|
|
|
| LEADER |
01571nem a22003972a 4500 |
| 001 |
mzk03001065701 |
| 003 |
CZ BrMZK |
| 005 |
20140708083519.0 |
| 007 |
aj|aa||| |
| 008 |
080910s1760 au |||||||a|||r|0|||gerod |
| 034 |
1 |
|
|a a
|d E0132049
|e E0142823
|f N0502704
|g N0495431
|
| 040 |
|
|
|a BOA001
|b cze
|
| 043 |
|
|
|a e-xr---
|b e-xr-st
|2 czenas
|
| 072 |
|
7 |
|a 912:904
|x Staré mapy
|2 Konspekt
|9 7
|
| 080 |
|
|
|a (084.3)
|2 MRF
|
| 080 |
|
|
|a (437.312)
|2 MRF
|
| 100 |
1 |
|
|a Winkler, Carl
|4 aut
|
| 245 |
1 |
0 |
|a Provincia Rakonitzensi
|h [kartografický dokument] :
|b ad Pag. 105 /
|c K. Wikler sc.
|
| 246 |
3 |
|
|a E. Provincia Rakonitzensi
|
| 255 |
|
|
|a Měřítko neuvedeno
|c (013°20´49" v.d.--014°28´23" v.d./050°27´04" s.š.--049°54´31" s.š.)
|
| 260 |
|
|
|a [Wien :
|b Typ. Jos. Kurtzböck,
|c 1760]
|
| 300 |
|
|
|a 1 mapa :
|b mědirytina ;
|c 28,5 x 36 cm na listu 29,7 x 37,6 cm
|
| 500 |
|
|
|a Příloha Erberovy knihy: Notitia illustris regni Bohemiae
|
| 500 |
|
|
|a Výzdoba: V levém horním rohu název umístěný do krajiny, v mapovém rámci geografické souřadnice, souřadnicová síť
|
| 510 |
4 |
|
|a Roubík, F. Soupis map českých zemí,
|c I, č. 947
|
| 655 |
|
7 |
|a historické mapy
|7 fd186723
|2 czenas
|
| 651 |
|
7 |
|a Rakovník (Česko : oblast)
|7 ge130618
|2 czenas
|
| 700 |
1 |
|
|a Bernard, Auguste
|4 pbl
|
| 856 |
4 |
1 |
|u http://mapy.mzk.cz/mzk03/001/065/701/2610355787
|y Digitalizovaný dokument
|
| 903 |
|
|
|a RP
|
| 910 |
|
|
|a BOA001
|b STMpa-1211.603
|
| 978 |
|
|
|b Kurzböck, Josef von
|a Wien
|c 1760
|
| 984 |
|
|
|a Vídeň
|b Rakousko
|
| 985 |
|
|
|a 1751-1800
|
| 990 |
|
|
|a MP
|
| 991 |
|
|
|k mzk
|